00875nam a22001697a 4500003000900000008004100009040007100050082002600121245006400147260003200211300004500243440004700288505029700335650001900632650002500651650002900676AR-CdUCM190425b ||||| |||| 00| 0 spa d aMUNICIPALIDAD PROVINCIAL DEL CUSCOcBIBLIOTECA MUNICIPAL DEL CUSCO aVíalactea/N°4/1999 aVía Láctea :bpinacoteca de la cultura libre de Cusco / aCusco.bVíalactea,c1999. a14 páginas. :bilustraciones ;c41 cm. aVía Láctea.nAño I, N°4,marzo 1999. aContenido: Placer irreverente. -- Tiempos de cambio. -- Puya Raimondi. -- Cambio de signo. -- Número de piedra. -- Cuento Corto. -- La victoria de Víctor Zúñiga. -- Observatorio andino. -- Medicina rural. -- Cusco gastronómico. -- Pueblo capilla. -- Alma Raymi. -- Figueroa y la TV. aCultura andina aMedicina tradicional aGastronomía cusqueña